| 000 | 00705nam a2200265 i 4500 | ||
|---|---|---|---|
| 001 | C2-0169256 | ||
| 003 | PPAK | ||
| 005 | 20180728091901.0 | ||
| 008 | 980722s1990 my |||| ||||| | may d | ||
| 020 | _a9836217754 | ||
| 040 |
_aPPAK _beng _cPPAK _erda |
||
| 082 | 0 | 4 |
_a899.233 _2 23 |
| 090 | 0 | 0 |
_a899.233 _bOSM _dG |
| 090 | 0 | 0 |
_a899.233 _bOSM _dKMI |
| 090 | 0 | 0 |
_a899.233 _bOSM _dKSA |
| 100 | 0 |
_aOsman Ayob, _eauthor |
|
| 245 | 1 | 0 | _aWarna sebuah lembah |
| 264 | 1 |
_aKuala Lumpur : _bDewan Bahasa dan Pustaka , _c1990 |
|
| 300 |
_a397 pages ; _c20 cm |
||
| 336 |
_2rdacontent _atext |
||
| 337 |
_2rdamedia _aunmediated |
||
| 338 |
_2rdacarrier _avolume |
||
| 650 | 1 | 0 | _aMalay fiction |
| 942 |
_ddc _cB |
||
| 999 |
_c153277 _d153277 |
||